| 000 | 01017cam a22003255a 4500 | ||
|---|---|---|---|
| 999 |
_c27127 _d27099 |
||
| 001 | 015246443 | ||
| 003 | EG-ScBUE | ||
| 005 | 20190212133815.0 | ||
| 008 | 100406t2009 si a frb 001 0 eng d | ||
| 015 |
_aGBB051437 _2bnb |
||
| 016 | 7 |
_a015246443 _2Uk |
|
| 020 | _a9780071276245 (pbk.) | ||
| 020 | _a0071276246 (pbk.) | ||
| 040 |
_aStDuBDS _beng _cStDuBDS _dEG-ScBUE |
||
| 082 | 0 | 4 |
_a333.7 _bFIE _222 |
| 100 | 1 |
_aField, Barry C. _94781 |
|
| 245 | 1 | 0 |
_aEnvironmental economics : _ban introduction / _cBarry C. Field, Martha K. Field. |
| 250 | _a5th ed., McGraw-Hill international ed. | ||
| 260 |
_aSingapore : _bMcGraw-Hill, _cc.2009. |
||
| 300 |
_axviii, 493 p. : _bill. ; _c23 cm. |
||
| 490 | 0 | _aMcGraw Hill series : economics | |
| 500 | _aIncludes index. | ||
| 650 | 7 |
_aEnvironmental economics. _2BUEsh |
|
| 650 | 7 |
_aEconomic development _xEnvironmental aspects. _2BUEsh |
|
| 651 | _2BUEsh | ||
| 653 |
_bBUSECO _cFebruary2019 |
||
| 655 | _vText book | ||
| 700 | 1 |
_aField, Martha K. _94784 |
|
| 942 | _2ddc | ||